Study and development of virtual distributed programming environment (Record no. 181216)

000 -LEADER
fixed length control field 00613 a2200181 4500
003 - CONTROL NUMBER IDENTIFIER
control field Nust
005 - DATE AND TIME OF LATEST TRANSACTION
control field 20170207153206.0
040 ## - CATALOGING SOURCE
Transcribing agency Nust
082 ## - DEWEY DECIMAL CLASSIFICATION NUMBER
Classification number 005.1
100 ## - MAIN ENTRY--PERSONAL NAME
Personal name Nadeem, Muhammad (MSCS-1)
245 ## - TITLE STATEMENT
Title Study and development of virtual distributed programming environment
Statement of responsibility, etc. Muhammad Nadeem MSCS
260 ## - PUBLICATION, DISTRIBUTION, ETC.
Name of publisher, distributor, etc. MCS
Date of publication, distribution, etc. 1996
300 ## - PHYSICAL DESCRIPTION
Extent vii, 92 p.
505 ## - FORMATTED CONTENTS NOTE
Formatted contents note Introduction (page-1), The literature survey (page-5), Design of a distributed environment (page-20), Implementation (page-49), Results and discussions (page-66).
538 ## - SYSTEM DETAILS NOTE
System details note Almirah No 73 Shelf No 1
650 ## - SUBJECT ADDED ENTRY--TOPICAL TERM
Topical term or geographic name entry element MSCS Thesis
651 ## - SUBJECT ADDED ENTRY--GEOGRAPHIC NAME
Geographic name MSCS-1
942 ## - ADDED ENTRY ELEMENTS (KOHA)
Koha item type
Holdings
Withdrawn status Lost status Source of classification or shelving scheme Damaged status Not for loan Collection code Permanent Location Current Location Date acquired Total Checkouts Full call number Barcode Date last seen Price effective from Koha item type
            Military College of Signals (MCS) Military College of Signals (MCS) 12/12/2016   005.1 NAD MCSTCS-27 12/08/2016 12/12/2016 Book
© 2023 Central Library, National University of Sciences and Technology. All Rights Reserved.